00602 2200229 4500001002100000005001700021008004100038035002400079040001200103082001100115090002000126100001800146245006900164250001100233260002400244300001800268500002600286650001800312850001200330990001500342990001500357YOGYA-0209000002172720090227023553.0 ind  0010-020900000021727 aYOPDYOG a808.02 aT 808.02bTam D aTAMBUNAN, E.H aDasar-dasar penulisan berita dan teknik mengarangcE.H. Tambunan aCet. 1 aBandungbPatcoc19. a73 hlmc21 cm aBibliografi : hlm. 73 aKepengarangan aYOPDYOG a06A0013504 a06A0013503